|
|
|
|
| LEADER |
01549nam a2200385 a 4500 |
| 001 |
000747681 |
| 003 |
CZ BrMZK |
| 005 |
20041208140143.0 |
| 007 |
ta |
| 008 |
041104s2004 xr erp 000 0 cze d |
| 015 |
|
|
|a cnb001448195
|
| 020 |
|
|
|a 80-245-0729-3
|q (brož.)
|
| 035 |
|
|
|a (OCoLC)85122002
|
| 040 |
|
|
|a BOA001
|b cze
|
| 072 |
|
7 |
|a 36
|x Zajištění duševních a materiálních potřeb
|2 Konspekt
|9 18
|
| 072 |
|
7 |
|a 37.016
|x Učební osnovy. Vyučovací předměty. Učebnice
|2 Konspekt
|9 22
|
| 080 |
|
|
|a 36
|2 MRF
|
| 080 |
|
|
|a (075.8)
|2 MRF
|
| 100 |
1 |
|
|a Sedláková, Jaroslava,
|d 1972-
|7 mzk2004258376
|4 aut
|
| 245 |
1 |
0 |
|a Vybrané problémy sociální politiky /
|c Jaroslava Sedláková
|
| 250 |
|
|
|a Vyd. 1.
|
| 260 |
|
|
|a Praha :
|b Oeconomica,
|c 2004
|
| 300 |
|
|
|a 56 s. ;
|c 30 cm
|
| 500 |
|
|
|a Nad názvem: Vysoká škola ekonomická v Praze. Fakulta managementu v Jindřichově Hradci
|
| 500 |
|
|
|a 70 výt.
|
| 504 |
|
|
|a Obsahuje bibliografie
|
| 521 |
8 |
|
|a Určeno pro inženýrské studium
|
| 500 |
|
|
|a Dostupné též v digitální podobě v aplikaci Kramerius
|
| 650 |
0 |
7 |
|a sociální politika
|7 ph116210
|2 czenas
|
| 655 |
|
7 |
|a učebnice vysokých škol
|7 fd133772
|2 czenas
|
| 710 |
2 |
|
|a Jihočeská univerzita.
|b Fakulta managementu
|7 ko2002109807
|
| 856 |
4 |
1 |
|u http://www.digitalniknihovna.cz/mzk/uuid/uuid:0920bb40-eb71-11e5-8d5f-005056827e51
|y Digitalizovaný dokument
|x NDK
|
| 910 |
|
|
|a BOA001
|b 3-1141.851
|
| 990 |
|
|
|a BK
|
| 996 |
6 |
|
|b 2610231383
|c 3-1141.851
|l MZK
|r Sklad / do 1 hodiny
|n 5
|p p.v.
|w 000747681
|u 000010
|a 1
|e BOA001
|j MZK50
|s P
|